000 00515nam a2200181Ia 4500
003 GCL
008 140319s9999 xx 000 0 ara d
040 _aGCL /
_cGCL
082 0 4 _aط
_b813.087
_bغ ا
100 1 _aغييو، رينيه
245 1 0 _aامير الادغال /
_cغييو، رينيه
700 1 _aخالد عبدالباقى
490 _aروايات عالمية للفتيان
_v0
650 0 4 _aالاطفال
650 0 4 _aالقصص
650 0 4 _aقصص الاطفال
942 _2ddc
_cBK
999 _c42449
_d42449